Communication Systems : An introduction to signal and noise in electrical communication (Record no. 66740)
[ view plain ]
| 000 -LEADER | |
|---|---|
| fixed length control field | 00556nam a22001817a 4500 |
| 003 - CONTROL NUMBER IDENTIFIER | |
| control field | NUST - PNEC |
| 005 - DATE AND TIME OF LATEST TRANSACTION | |
| control field | 20170116181002.0 |
| 008 - FIXED-LENGTH DATA ELEMENTS--GENERAL INFORMATION | |
| fixed length control field | 150912b xxu||||| |||| 00| 0 eng d |
| 020 ## - INTERNATIONAL STANDARD BOOK NUMBER | |
| International Standard Book Number | 9780071321174 |
| 020 ## - INTERNATIONAL STANDARD BOOK NUMBER | |
| International Standard Book Number | 0071321179 |
| 040 ## - CATALOGING SOURCE | |
| Transcribing agency | LIBRARY |
| 082 ## - DEWEY DECIMAL CLASSIFICATION NUMBER | |
| Classification number | 621.38223 CAR |
| 100 ## - MAIN ENTRY--PERSONAL NAME | |
| 9 (RLIN) | 1283 |
| Personal name | Carlson A Bruce |
| 245 ## - TITLE STATEMENT | |
| Title | Communication Systems : An introduction to signal and noise in electrical communication |
| Statement of responsibility, etc. | A.Bruce Carlson |
| 250 ## - EDITION STATEMENT | |
| Edition statement | 5th ed. |
| 650 ## - SUBJECT ADDED ENTRY--TOPICAL TERM | |
| 9 (RLIN) | 9568 |
| Topical term or geographic name entry element | Signal theory (Telecommunication) |
| General subdivision | MS Communication, MIS |
| 942 ## - ADDED ENTRY ELEMENTS (KOHA) | |
| Source of classification or shelving scheme | |
| Koha item type | Book |
| Withdrawn status | Lost status | Source of classification or shelving scheme | Damaged status | Not for loan | Permanent Location | Current Location | Shelving location | Date acquired | Total Checkouts | Full call number | Barcode | Date last seen | Price effective from | Koha item type | Cost, replacement price |
|---|---|---|---|---|---|---|---|---|---|---|---|---|---|---|---|
| Pakistan Navy Engineering College (PNEC) | Pakistan Navy Engineering College (PNEC) | 621.38223 CAR | PNECLIB-031624 | 09/13/2015 | Book | ||||||||||
| Pakistan Navy Engineering College (PNEC) | Pakistan Navy Engineering College (PNEC) | 621.38223 CAR | PNECLIB-031625 | 09/13/2015 | Book | ||||||||||
| Pakistan Navy Engineering College (PNEC) | Pakistan Navy Engineering College (PNEC) | 621.38223 CAR | PNECLIB-031350 | 09/13/2015 | 09/13/2015 | Book | 0.00 | ||||||||
| Pakistan Navy Engineering College (PNEC) | Pakistan Navy Engineering College (PNEC) | 621.38223 CAR | PNECLIB-031349 | 09/13/2015 | Book |
